[Event "Debrecen Aranybika op 5th"]
[Site "Debrecen"]
[Date "2002.12.30"]
[Round "9.12"]
[White "Varga, Nandor"]
[Black "Kocsis, Istvan"]
[Result "0-1"]
[WhiteElo "1480"]
[BlackElo "1806"]
[PlyCount "82"]
[EventDate "2002.12.30"]
[EventType "swiss"]
[EventRounds "10"]
[EventCountry "HUN"]
[SourceTitle "CBM 092 Extra"]
[Source "ChessBase"]
[SourceDate "2003.03.07"]
[SourceVersion "1"]
[SourceVersionDate "2003.03.07"]
[SourceQuality "1"]

1. e4 c5 2. Nf3 a6 3. Nc3 Nc6 4. Bc4 e6 5. 0-0 b5 6. Bb3 c4 7. Re1 Be7 8. Qe2 cxb3 9. axb3 Bb7 10. d4 d6 11. d5 Ne5 12. Nxe5 dxe5 13. Rd1 Qd6 14. dxe6 Qxe6 15. Nd5 Bxd5 16. exd5 Qd6 17. Qg4 g6 18. c4 Nf6 19. Qf3 0-0 20. Bh6 Rfe8 21. cxb5 axb5 22. Rxa8 Rxa8 23. b4 e4 24. Qb3 Ng4 25. Be3 Qxh2+ 26. Kf1 Nxe3+ 27. Qxe3 Qh1+ 28. Ke2 Qh5+ 29. f3 exf3+ 30. gxf3 Qh2+ 31. Kd3 Qd6 32. Qd4 Rd8 33. Ke3 Qxb4 34. Qxb4 Bxb4 35. Ke4 Bd6 36. Kd4 b4 37. Kc4 h5 38. Kb5 Rc8 39. f4 Kg7 40. Rf1 f6 41. Re1 Rc5+ 0-1

[Event "Debrecen Aranybika op 5th"]
[Site "Debrecen"]
[Date "2002.12.28"]
[Round "5.7"]
[White "Dani, Peter"]
[Black "Varga, Nandor"]
[Result "1-0"]
[WhiteElo "2125"]
[BlackElo "1480"]
[PlyCount "79"]
[EventDate "2002.12.30"]
[EventType "swiss"]
[EventRounds "10"]
[EventCountry "HUN"]
[SourceTitle "CBM 092 Extra"]
[Source "ChessBase"]
[SourceDate "2003.03.07"]
[SourceVersion "1"]
[SourceVersionDate "2003.03.07"]
[SourceQuality "1"]

1. e4 e5 2. Nf3 Nc6 3. Bc4 Bc5 4. c3 Nf6 5. d4 exd4 6. cxd4 Bb4+ 7. Bd2 Bxd2+ 8. Nbxd2 0-0 9. d5 Na5 10. Bd3 d6 11. b4 c6 12. bxa5 Qxa5 13. 0-0 cxd5 14. exd5 Qxd5 15. Qb3 Qxb3 16. axb3 Re8 17. Nd4 Re5 18. N2f3 Rd5 19. Rfe1 Bg4 20. Bc4 Rc5 21. Re7 d5 22. Be2 b6 23. h3 Bxf3 24. Bxf3 h6 25. Raxa7 Rxa7 26. Rxa7 Ne4 27. Bxe4 dxe4 28. Rb7 Rd5 29. Nc6 Rb5 30. Ne7+ Kf8 31. Nc6 Kg8 32. b4 f5 33. Kf1 Kh7 34. Ke2 Kg6 35. Ke3 Kf6 36. Kd4 Ke6 37. Kc4 Rd5 38. Nd4+ Ke5 39. Re7+ Kd6 40. Re6+ 1-0

[Event "Debrecen Aranybika op 5th"]
[Site "Debrecen"]
[Date "2002.12.27"]
[Round "2.12"]
[White "Cseke, Arpad"]
[Black "Varga, Nandor"]
[Result "1-0"]
[WhiteElo "1706"]
[BlackElo "1480"]
[PlyCount "63"]
[EventDate "2002.12.30"]
[EventType "swiss"]
[EventRounds "10"]
[EventCountry "HUN"]
[SourceTitle "CBM 092 Extra"]
[Source "ChessBase"]
[SourceDate "2003.03.07"]
[SourceVersion "1"]
[SourceVersionDate "2003.03.07"]
[SourceQuality "1"]

1. c4 c5 2. g3 Nf6 3. Bg2 d5 4. b3 Nc6 5. Nc3 d4 6. Na4 e5 7. d3 Bf5 8. Nf3 e4 9. dxe4 Bxe4 10. 0-0 Qd7 11. Ba3 Nb4 12. Bxb4 cxb4 13. Qxd4 Bxf3 14. Qxd7+ Kxd7 15. Rad1+ Bd6 16. Bxf3 Kc7 17. Rd3 Rad8 18. Rfd1 a6 19. Bxb7 Kxb7 20. Rxd6 Rxd6 21. Rxd6 Re8 22. e3 Kc7 23. Rd4 Ne4 24. Rd3 Ng5 25. Kg2 h5 26. Nc5 Kc6 27. Nxa6 Ra8 28. Nxb4+ Kc5 29. Nc2 Rxa2 30. Rd5+ Kc6 31. Nb4+ Kb6 32. Nxa2 1-0